00803 2200253 4500001002100000005001700021008004100038020002200079035002500101040001200126082000800138084001800146100002000164245016900184250001100353260003000364300003500394500002600429650001100455700002600466700002400492850001200516990002100528INLIS00000000001974120160504151131.0  a978-602-1246-75-7 a0010-051600000000175 aYOPDYOG a530 aDEP 530 Tin I aTINA SUSILOWATI aIntisari super pintar RPAL (Rangkuman Pengetahuan Alam Lengkap)c/ Tino Susilowati ; penyunting, Ayu Wulandari Saputri ; ilustrasi, Fransisca & Agung Budi Sulistyo. aCet.1. aYogyakartabB-Firstc2016 avi, 309 hlm.b: ilus.c; 20 cm aBibliografi : 307-309 aFisika aAyu Wulandari Saputri aAgung Budi Sulistyo aYOPDYOG aCB-D.11/2016-079